LEADER 01032nam0-22003251i-450- 001 990008010270403321 005 20050222130900.0 010 $a019828036X$bacid free paper 035 $a000801027 035 $aFED01000801027 035 $a(Aleph)000801027FED01 035 $a000801027 100 $a20050222d1996----km-y0itay50------ba 101 0 $aeng 102 $aUS 105 $ay-------001yy 200 1 $a<>international dimensions of democratization : Europe and the Americas$fedited by Laurence Whitehead 210 $aNew York$cOxford University Press$d1996 215 $a431 p.$d24 cm 225 1 $aOxford studies in democratization 300 $aIncludes bibliographical references and index 676 $a321.809045$v21$zita 702 1$aWhitehead,$bLaurence 801 0$aIT$bUNINA$gRICA$2UNIMARC 901 $aBK 912 $a990008010270403321 952 $aH 107$bs.i.$fDSI 959 $aDSI 996 $aInternational dimensions of democratization : Europe and the Americas$9750534 997 $aUNINA LEADER 03584oam 2200697 c 450 001 9910968999603321 005 20260408080230.0 010 $a3-657-70712-3 010 $a3-506-70712-4 024 7 $a10.30965/9783657707126 035 $a(CKB)4910000000122090 035 $a(OCoLC)1051740226 035 $a(nllekb)BRILL9783657707126 035 $a(MiAaPQ)EBC6515162 035 $a(Au-PeEL)EBL6515162 035 $a(OCoLC)1243542229 035 $a(Brill | Scho?ningh)9783657707126 035 $a(Brill | Schöningh)9783657707126 035 $a(EXLCZ)994910000000122090 100 $a20260408d2018 uy 0 101 0 $ager 135 $aurun####uuuua 181 $ctxt$2rdacontent 182 $cc$2rdamedia 183 $2rdacarrier 200 14$aDie Politik der Sklaverei$ePraxis und Konflikt in Kastilien und Spanisch-Amerika im 16. Jahrhundert$fJonas Schirrmacher 205 $a1st ed. 210 $aPaderborn$cBrill | Schöningh$d2018 215 $a1 online resource 320 $aIncludes bibliographical references and index. 327 $aFront Matter -- Copyright -- Inhalt -- Einleitung -- Grundlagen der iberischen Sklaverei -- Prolog: Die Eroberung der Kanaren ? Sklaverei als Politikum -- Die guerra de Granada und die Versklavung der moriscos (1568?71) -- Indio-Sklaverei in Spanisch-Amerika zwischen 1492 und 1600 -- Praktiken, Semantiken, Konfliktfelder: Indio- und morisco-Sklaverei im Vergleich. 330 $aDas vorliegende Buch behandelt das historische Phänomen der Sklaverei aus der Perspektive der politischen Praxis. Es untersucht die Sklaverei als kontroverses Verhandlungsthema, zwischen der kastilischen Krone und lokalen Akteuren. Die immense Bedeutung der Versklavung von Menschen für das frühneuzeitliche Europa wird heutzutage selten in Zweifel gezogen. Gerade in den iberischen Städten des 16. Jahrhunderts gehörten Sklavenmärkte zur Alltäglichkeit. Insbesondere Theologen beschäftigten sich intensiv mit der Frage, ob die Versklavung nicht-christlicher Gefangener erlaubt sei. Die Sklaverei war aber nicht nur ein Thema der Studierzimmer oder ein Phänomen des städtischen Lebens. Sie hatte auch eine zutiefst politische Komponente. Entsprechend widmet sich der Band der Sklavereipolitik der kastilischen Krone im 16. Jahrhundert. Sklaverei wird hier als mehrdimensionaler Komplex zwischen herrschaftspolitischen, ökonomischen, militärischen und theologischen Interessen verortet. Anhand der Versklavung der moriscos während der guerra de Granada (1568?1571) sowie der Versklavung der indigenen Bevölkerung der ?Neuen Welt? wird gezeigt, wie Sklaverei stets als politische Verhandlungsmasse zwischen Zentralregierung, Militär und Peripherie genutzt wurde. 606 $aAlpujarra-Aufstand 606 $aBeute 606 $aBeuteökonomie 606 $abooty 606 $aguerra de Granada 606 $aindios 606 $amoriscos 606 $aSklavereipolitik 606 $aSklavereigeschichte 606 $aPolicy of slavery 615 4$aAlpujarra-Aufstand 615 4$aBeute 615 4$aBeuteökonomie 615 4$abooty 615 4$aguerra de Granada 615 4$aindios 615 4$amoriscos 615 4$aSklavereipolitik 615 4$aSklavereigeschichte 615 4$aPolicy of slavery 676 $a322.4 700 $aSchirrmacher$b Jonas$4aut$01681790 801 0$bMiAaPQ 801 1$bMiAaPQ 801 2$bMiAaPQ 906 $aBOOK 912 $a9910968999603321 996 $aDie Politik der Sklaverei$94051442 997 $aUNINA